[Event "DFMMLV 2019"]
[Site "Braunfels"]
[Date "2019.06.21"]
[Round "3.18"]
[White "Glinzner, Alva"]
[Black "Bluebaum, Johanna"]
[Result "1-0"]
[WhiteElo "1833"]
[BlackElo "2003"]
[Annotator "NA"]
[PlyCount "152"]
[EventDate "2019.06.20"]
[EventType "team-tourn"]
[EventCountry "GER"]
[SourceTitle "playchess.com"]
[Source "ChessBase"]
[SourceQuality "1"]
[WhiteTeam "Schleswig Holstein"]
[BlackTeam "Hessen 1"]
[TimeControl "40/5400+30:1800+30"]

1. e4 {[%emt 0:00:00]} e6 {[%emt 0:00:00]} 2. d3 {[%emt 0:00:00]} d5 {[%emt 0:00:00]} 3. Nd2 {[%emt 0:00:11]} Nf6 {[%emt 0:00:00]} 4. g3 {[%emt 0:00:52]} dxe4 {[%emt 0:00:18]} 5. dxe4 {[%emt 0:00:21]} Bc5 {[%emt 0:03:13]} 6. Bg2 {[%emt 0:01:16]} e5 {[%emt 0:03:43]} 7. Ngf3 {[%emt 0:00:54]} Nc6 {[%emt 0:00:22]} 8. O-O {[%emt 0:00:28]} O-O {[%emt 0:02:47]} 9. c3 {[%emt 0:01:54]} h6 {[%emt 0:03:15]} 10. Qc2 {[%emt 0:00:25]} Be6 11. h3 {[%emt 0:02:56]} Qe7 {[%emt 0:05:21]} 12. Nh4 {[%emt 0:04:49]} Rfd8 {[%emt 0:00:47]} 13. Kh2 {[%emt 0:01:51]} Rd7 {[%emt 0:13:53]} 14. f4 {[%emt 0:08:27]} exf4 {[%emt 0:02:00]} 15. gxf4 {[%emt 0:00:26]} Ng4+ {[%emt 0:00:49]} 16. Kg3 {[%emt 0:08:53]} Ne3 {[%emt 0:02:09]} 17. Qb1 {[%emt 0:03:26]} Nxf1+ {[%emt 0:02:29]} 18. Nxf1 {[%emt 0:00:17]} Rad8 {[%emt 0:04:15]} 19. Nf3 {[%emt 0:02:41]} Bc4 {[%emt 0:01:57]} 20. b4 {[%emt 0:00:58]} Bb6 {[%emt 0:01:14]} 21. a4 {[%emt 0:02:03]} Bd3 {[%emt 0:00:34]} 22. Qb3 {[%emt 0:01:02]} a6 {[%emt 0:02:18]} 23. e5 {[%emt 0:01:44]} a5 {[%emt 0:12:40]} 24. b5 {[%emt 0:02:49]} Nb8 {[%emt 0:00:27]} 25. Ne3 {[%emt 0:02:19]} Qe8 {[%emt 0:03:22]} 26. Nh4 {[%emt 0:04:06]} g5 {[%emt 0:02:40]} 27. Nhf5 {[%emt 0:03:06]} gxf4+ {[%emt 0:00:55]} 28. Kxf4 {[%emt 0:00:14]} Kh8 {[%emt 0:14:54]} 29. Bxb7 {[%emt 0:09:22]} Qg8 {[%emt 0:02:29]} 30. Nxh6 {[%emt 0:03:54]} Qg6 {[%emt 0:01:07]} 31. Nhg4 {[%emt 0:01:39]} Rg8 {[%emt 0:01:55]} 32. Bd5 {[%emt 0:09:47]} Bxe3+ {[%emt 0:02:04]} 33. Kxe3 {[%emt 0:03:50]} Bc2 {[%emt 0:00:22]} 34. Qc4 {[%emt 0:00:35]} Rgd8 {[%emt 0:03:03]} 35. Be4 {[%emt 0:04:23]} Bxe4 36. Qxe4 {[%emt 0:00:04]} Qxe4+ {[%emt 0:05:21]} 37. Kxe4 {[%emt 0:00:03]} Rd1 {[%emt 0:00:15]} 38. Bb2 {[%emt 0:02:56]} Rxa1 {[%emt 0:00:29]} 39. Bxa1 {[%emt 0:00:04]} Rd1 {[%emt 0:00:38]} 40. Bb2 {[%emt 0:00:14]} Nd7 {[%emt 0:00:54]} 41. c4 {[%emt 0:41:33]} Nc5+ {[%emt 0:31:02]} 42. Ke3 {[%emt 0:02:32]} Ne6 {[%emt 0:00:00]} 43. Bc3 {[%emt 0:00:00]} Rc1 {[%emt 0:00:00]} 44. Kd2 {[%emt 0:00:00]} Rh1 {[%emt 0:00:00]} 45. Nf2 {[%emt 0:00:00]} Rh2 {[%emt 0:00:00]} 46. Ke3 {[%emt 0:00:00]} Rg2 {[%emt 0:00:00]} 47. Kf3 {[%emt 0:00:00]} Rg1 {[%emt 0:00:00]} 48. Ne4 {[%emt 0:00:00]} Rc1 {[%emt 0:00:00]} 49. Ke3 {[%emt 0:00:00]} Rh1 {[%emt 0:00:00]} 50. Nf2 {[%emt 0:00:00]} Rc1 {[%emt 0:00:00]} 51. Kd2 {[%emt 0:00:00]} Rg1 {[%emt 0:00:00]} 52. c5 {[%emt 0:00:00]} Kh7 {[%emt 0:00:00]} 53. b6 {[%emt 0:01:40]} Nxc5 {[%emt 0:00:00]} 54. bxc7 {[%emt 0:00:09]} Rg8 {[%emt 0:00:00]} 55. Ke3 {[%emt 0:02:01]} Nb7 {[%emt 0:00:00]} 56. Ng4 {[%emt 0:00:44]} Rc8 {[%emt 0:00:12]} 57. Nf6+ {[%emt 0:00:15]} Kg6 {[%emt 0:00:14]} 58. Nd5 {[%emt 0:00:15]} Kg5 {[%emt 0:00:33]} 59. Bd4 {[%emt 0:00:21]} Kh4 {[%emt 0:00:52]} 60. Bb6 {[%emt 0:00:29]} Re8 {[%emt 0:00:04]} 61. Kf4 {[%emt 0:01:09]} Kxh3 {[%emt 0:01:13]} 62. Kf5 {[%emt 0:00:15]} Kg3 {[%emt 0:00:14]} 63. Nf6 {[%emt 0:00:41]} Rh8 {[%emt 0:01:00]} 64. Ne4+ {[%emt 0:00:33]} Kf3 {[%emt 0:00:09]} 65. Nd6 {[%emt 0:01:10]} Rh5+ {[%emt 0:00:39]} 66. Kf6 {[%emt 0:00:05]} Rh6+ {[%emt 0:00:29]} 67. Kg7 {[%emt 0:00:53]} Rxd6 {[%emt 0:01:39]} 68. c8=Q {[%emt 0:01:01]} Rxb6 {[%emt 0:00:14]} 69. Qc3+ {[%emt 0:00:10]} Ke4 {[%emt 0:00:25]} 70. Kxf7 {[%emt 0:00:19]} Kd5 {[%emt 0:00:45]} 71. Qd3+ {[%emt 0:01:03]} Kc5 {[%emt 0:00:33]} 72. e6 {[%emt 0:00:24]} Nd6+ {[%emt 0:00:25]} 73. Kf6 {[%emt 0:00:26]} Rb4 {[%emt 0:03:11]} 74. Qe3+ {[%emt 0:01:45]} Kc6 {[%emt 0:00:48]} 75. e7 {[%emt 0:01:10]} Rxa4 {[%emt 0:01:27]} 76. e8=Q+ {[%emt 0:00:17]} Kd5 1-0

[Event "DFMMLV 2019"]
[Site "Braunfels"]
[Date "2019.06.21"]
[Round "3.19"]
[White "Barpiyeva, Gulsana"]
[Black "Leib, Britta"]
[Result "1/2-1/2"]
[WhiteElo "2018"]
[BlackElo "1884"]
[Annotator "NA"]
[PlyCount "94"]
[EventDate "2019.06.20"]
[EventType "team-tourn"]
[EventCountry "GER"]
[SourceTitle "playchess.com"]
[Source "ChessBase"]
[SourceQuality "1"]
[WhiteTeam "Hessen 1"]
[BlackTeam "Schleswig Holstein"]
[TimeControl "40/5400+30:1800+30"]

1. d4 {[%emt 0:00:00]} g6 {[%emt 0:00:00]} 2. c4 {[%emt 0:00:00]} Nf6 {[%emt 0:00:34]} 3. Nc3 {[%emt 0:00:13]} Bg7 {[%emt 0:00:07]} 4. e4 {[%emt 0:01:00]} d6 {[%emt 0:00:04]} 5. Be2 {[%emt 0:00:18]} c6 {[%emt 0:02:29]} 6. Be3 {[%emt 0:02:13]} Qc7 {[%emt 0:06:35]} 7. f3 {[%emt 0:04:42]} h5 {[%emt 0:05:07]} 8. Qd2 {[%emt 0:00:46]} Nbd7 {[%emt 0:03:42]} 9. Nh3 {[%emt 0:01:27]} a6 {[%emt 0:09:22]} 10. Nf2 {[%emt 0:02:38]} O-O {[%emt 0:03:11]} 11. O-O {[%emt 0:05:54]} e5 {[%emt 0:03:13]} 12. Rfd1 {[%emt 0:05:09]} Re8 {[%emt 0:05:44]} 13. Rac1 {[%emt 0:10:20]} Nf8 {[%emt 0:05:15]} 14. d5 {[%emt 0:01:38]} c5 {[%emt 0:03:18]} 15. a3 {[%emt 0:05:42]} Bd7 {[%emt 0:02:57]} 16. b4 {[%emt 0:01:40]} b6 {[%emt 0:02:45]} 17. Rb1 {[%emt 0:02:48]} Rec8 {[%emt 0:05:31]} 18. Rdc1 {[%emt 0:07:14]} Rab8 {[%emt 0:02:34]} 19. h3 {[%emt 0:03:10]} N8h7 {[%emt 0:01:15]} 20. Rb3 {[%emt 0:04:17]} Be8 {[%emt 0:06:01]} 21. g4 {[%emt 0:04:58]} Qd8 {[%emt 0:04:02]} 22. Rcb1 {[%emt 0:00:58]} hxg4 {[%emt 0:03:46]} 23. hxg4 {[%emt 0:00:24]} Nd7 {[%emt 0:00:10]} 24. Bd3 {[%emt 0:02:39]} Bf6 {[%emt 0:02:13]} 25. Nh3 {[%emt 0:03:08]} Be7 {[%emt 0:08:37]} 26. Kh2 {[%emt 0:02:36]} a5 {[%emt 0:01:37]} 27. Nb5 {[%emt 0:03:48]} Ra8 {[%emt 0:02:16]} 28. bxa5 {[%emt 0:05:17]} Rxa5 {[%emt 0:02:11]} 29. Rg1 {[%emt 0:08:30]} Rca8 {[%emt 0:01:31]} 30. Qc1 {[%emt 0:00:23]} Ndf8 {[%emt 0:02:05]} 31. Nc3 {[%emt 0:00:32]} Qb8 {[%emt 0:02:43]} 32. Qb2 {[%emt 0:02:31]} R5a6 {[%emt 0:02:03]} 33. Bc1 {[%emt 0:01:20]} Bd7 {[%emt 0:00:47]} 34. Qb1 {[%emt 0:03:10]} Bd8 {[%emt 0:00:28]} 35. Nb5 {[%emt 0:00:50]} Ra4 {[%emt 0:00:56]} 36. g5 {[%emt 0:02:07]} Be7 {[%emt 0:00:48]} 37. Nc3 {[%emt 0:01:55]} R4a6 {[%emt 0:00:04]} 38. Rg2 {[%emt 0:00:43]} Qd8 {[%emt 0:00:59]} 39. Nb5 {[%emt 0:01:31]} Bxh3 {[%emt 0:01:43]} 40. Kxh3 {[%emt 0:00:09]} Nxg5+ {[%emt 0:00:03]} 41. Bxg5 {[%emt 0:02:44]} Bxg5 {[%emt 0:14:43]} 42. Rg4 {[%emt 0:11:55]} Be7 {[%emt 0:06:35]} 43. Qc1 {[%emt 0:03:07]} Kg7 {[%emt 0:03:22]} 44. Rb2 {[%emt 0:03:20]} Nd7 {[%emt 0:00:16]} 45. Rh2 {[%emt 0:03:47]} Nf6 {[%emt 0:01:24]} 46. Rg1 {[%emt 0:02:03]} Nh5 {[%emt 0:02:11]} 47. Bf1 {[%emt 0:01:26]} Qd7+ {[%emt 0:00:36]} 1/2-1/2

[Event "DFMMLV 2019"]
[Site "Braunfels"]
[Date "2019.06.21"]
[Round "3.20"]
[White "Gressmann, Hanna"]
[Black "Lukas, Anne"]
[Result "0-1"]
[WhiteElo "1840"]
[BlackElo "1842"]
[Annotator "NA"]
[PlyCount "58"]
[EventDate "2019.06.20"]
[EventType "team-tourn"]
[EventCountry "GER"]
[SourceTitle "playchess.com"]
[Source "ChessBase"]
[SourceQuality "1"]
[WhiteTeam "Schleswig Holstein"]
[BlackTeam "Hessen 1"]
[TimeControl "40/5400+30:1800+30"]

1. e4 {[%emt 0:00:00]} c5 {[%emt 0:00:00]} 2. Nc3 {[%emt 0:00:00]} Nc6 {[%emt 0:00:00]} 3. g3 {[%emt 0:00:00]} g6 {[%emt 0:00:00]} 4. Bg2 {[%emt 0:00:06]} Bg7 {[%emt 0:00:00]} 5. d3 {[%emt 0:00:24]} d6 {[%emt 0:00:07]} 6. f4 {[%emt 0:00:18]} e6 {[%emt 0:00:06]} 7. Nf3 {[%emt 0:00:09]} Nge7 {[%emt 0:00:05]} 8. O-O {[%emt 0:00:09]} O-O {[%emt 0:00:05]} 9. Be3 {[%emt 0:00:12]} b6 {[%emt 0:00:07]} 10. e5 {[%emt 0:06:34]} Bb7 {[%emt 0:01:33]} 11. exd6 {[%emt 0:04:59]} Nf5 {[%emt 0:01:25]} 12. Bf2 {[%emt 0:00:41]} Qxd6 {[%emt 0:00:22]} 13. Qd2 {[%emt 0:12:05]} Qd7 {[%emt 0:04:18]} 14. g4 {[%emt 0:08:33]} Nfd4 {[%emt 0:01:27]} 15. Nxd4 {[%emt 0:05:52]} Nxd4 {[%emt 0:00:23]} 16. Bxd4 {[%emt 0:01:29]} Bxd4+ {[%emt 0:00:15]} 17. Kh1 {[%emt 0:00:05]} f5 {[%emt 0:02:43]} 18. h3 {[%emt 0:04:26]} Rae8 {[%emt 0:01:43]} 19. Nd1 {[%emt 0:01:54]} Bg7 {[%emt 0:00:56]} 20. c3 {[%emt 0:04:10]} e5 {[%emt 0:01:11]} 21. fxe5 {[%emt 0:01:06]} Bxg2+ {[%emt 0:00:44]} 22. Qxg2 {[%emt 0:00:20]} Rxe5 {[%emt 0:01:40]} 23. gxf5 {[%emt 0:02:18]} Rexf5 {[%emt 0:00:20]} 24. Rxf5 {[%emt 0:01:07]} Qxf5 {[%emt 0:00:07]} 25. Ne3 {[%emt 0:02:32]} Qxd3 {[%emt 0:00:35]} 26. Ng4 {[%emt 0:00:35]} Rf3 {[%emt 0:01:27]} 27. Nf2 {[%emt 0:01:53]} Qf5 {[%emt 0:00:21]} 28. Ng4 {[%emt 0:01:25]} h5 {[%emt 0:00:42]} 29. Nh2 {[%emt 0:00:06]} Rf2 {[%emt 0:00:50]} 0-1

[Event "DFMMLV 2019"]
[Site "Braunfels"]
[Date "2019.06.21"]
[Round "3.21"]
[White "Frank, Michelle Viviane"]
[Black "Hielscher, Ursula"]
[Result "1/2-1/2"]
[WhiteElo "1915"]
[BlackElo "1796"]
[Annotator "NA"]
[PlyCount "67"]
[EventDate "2019.06.20"]
[EventType "team-tourn"]
[EventCountry "GER"]
[SourceTitle "playchess.com"]
[Source "ChessBase"]
[SourceQuality "1"]
[WhiteTeam "Hessen 1"]
[BlackTeam "Schleswig Holstein"]
[TimeControl "40/5400+30:1800+30"]

1. d4 {[%emt 0:00:00]} d5 {[%emt 0:00:00]} 2. Bf4 {[%emt 0:00:00]} Nf6 {[%emt 0:00:00]} 3. e3 {[%emt 0:00:07]} e6 {[%emt 0:01:00]} 4. c3 {[%emt 0:00:15]} Bd6 {[%emt 0:00:32]} 5. Nd2 {[%emt 0:01:43]} Bxf4 {[%emt 0:03:01]} 6. exf4 {[%emt 0:00:05]} O-O {[%emt 0:00:07]} 7. Ngf3 {[%emt 0:00:49]} Nbd7 {[%emt 0:03:09]} 8. Bd3 {[%emt 0:01:40]} c5 {[%emt 0:02:33]} 9. O-O {[%emt 0:02:36]} cxd4 {[%emt 0:01:34]} 10. Nxd4 {[%emt 0:00:44]} Nc5 {[%emt 0:01:57]} 11. Bc2 {[%emt 0:01:18]} Qc7 {[%emt 0:01:24]} 12. g3 {[%emt 0:01:46]} Bd7 {[%emt 0:03:20]} 13. N2f3 {[%emt 0:01:33]} Qb6 {[%emt 0:05:05]} 14. Rb1 {[%emt 0:01:03]} Qc7 {[%emt 0:07:20]} 15. Ne5 {[%emt 0:00:43]} Be8 {[%emt 0:00:59]} 16. Re1 {[%emt 0:00:52]} a6 {[%emt 0:01:10]} 17. Kg2 {[%emt 0:03:38]} b5 {[%emt 0:04:17]} 18. f3 {[%emt 0:01:04]} a5 {[%emt 0:10:31]} 19. a3 {[%emt 0:05:20]} Rb8 {[%emt 0:07:45]} 20. Rc1 {[%emt 0:03:16]} Na4 {[%emt 0:01:35]} 21. Bb1 {[%emt 0:00:29]} Nc5 {[%emt 0:04:18]} 22. Qc2 {[%emt 0:03:58]} Ncd7 {[%emt 0:01:03]} 23. Qe2 {[%emt 0:04:04]} Nxe5 {[%emt 0:01:37]} 24. fxe5 {[%emt 0:00:10]} Nd7 {[%emt 0:00:12]} 25. Nxb5 {[%emt 0:01:44]} Qxe5 {[%emt 0:03:25]} 26. Qxe5 {[%emt 0:02:55]} Nxe5 {[%emt 0:00:40]} 27. Nc7 {[%emt 0:00:35]} Rxb2+ {[%emt 0:00:49]} 28. Rc2 {[%emt 0:00:27]} Rxc2+ {[%emt 0:00:51]} 29. Bxc2 {[%emt 0:00:06]} Nc4 {[%emt 0:00:43]} 30. Bd3 {[%emt 0:00:52]} Nd6 {[%emt 0:03:04]} 31. Rb1 {[%emt 0:00:21]} Ba4 {[%emt 0:01:17]} 32. Rb6 {[%emt 0:00:26]} Rd8 {[%emt 0:00:42]} 33. Ra6 {[%emt 0:01:23]} g6 {[%emt 0:08:02]} 34. Rxa5 {[%emt 0:00:13]} 1/2-1/2

[Event "DFMMLV 2019"]
[Site "Braunfels"]
[Date "2019.06.21"]
[Round "3.22"]
[White "Mundt, Alexandra"]
[Black "Werner, Rosalie"]
[Result "1/2-1/2"]
[WhiteElo "1797"]
[BlackElo "1610"]
[Annotator "NA"]
[PlyCount "89"]
[EventDate "2019.06.20"]
[EventType "team-tourn"]
[EventCountry "GER"]
[SourceTitle "playchess.com"]
[Source "ChessBase"]
[SourceQuality "1"]
[WhiteTeam "Schleswig Holstein"]
[BlackTeam "Hessen 1"]
[TimeControl "40/5400+30:1800+30"]

1. Nf3 {[%emt 0:00:00]} Nf6 {[%emt 0:00:59]} 2. c4 {[%emt 0:00:00]} e6 {[%emt 0:00:30]} 3. b3 {[%emt 0:00:24]} d5 {[%emt 0:00:31]} 4. Bb2 {[%emt 0:00:24]} Be7 {[%emt 0:00:42]} 5. g3 {[%emt 0:00:09]} O-O {[%emt 0:02:56]} 6. Bg2 {[%emt 0:00:12]} c5 {[%emt 0:07:26]} 7. O-O {[%emt 0:00:36]} Nc6 {[%emt 0:00:46]} 8. Qc2 {[%emt 0:05:11]} h6 {[%emt 0:03:51]} 9. Rd1 {[%emt 0:03:14]} d4 {[%emt 0:01:13]} 10. a3 {[%emt 0:01:42]} a5 {[%emt 0:00:23]} 11. d3 {[%emt 0:01:51]} Qc7 {[%emt 0:01:10]} 12. e3 {[%emt 0:03:01]} e5 {[%emt 0:00:55]} 13. Nbd2 {[%emt 0:02:42]} Bg4 {[%emt 0:02:38]} 14. Re1 {[%emt 0:02:46]} Rad8 {[%emt 0:04:17]} 15. Rad1 {[%emt 0:08:24]} Rfe8 {[%emt 0:04:19]} 16. h3 {[%emt 0:05:38]} Bh5 {[%emt 0:02:01]} 17. Nf1 {[%emt 0:08:33]} Bg6 {[%emt 0:10:10]} 18. N3h2 {[%emt 0:09:16]} Bd6 {[%emt 0:01:51]} 19. exd4 {[%emt 0:02:44]} exd4 {[%emt 0:00:47]} 20. Qd2 {[%emt 0:02:40]} b6 {[%emt 0:03:30]} 21. Bc1 {[%emt 0:01:21]} Ne5 {[%emt 0:04:41]} 22. Qc2 {[%emt 0:02:48]} Ned7 {[%emt 0:07:49]} 23. Nf3 {[%emt 0:04:23]} Nf8 {[%emt 0:00:46]} 24. Bd2 {[%emt 0:01:36]} Ne6 {[%emt 0:01:05]} 25. Rb1 {[%emt 0:02:58]} Rb8 {[%emt 0:05:57]} 26. Rb2 {[%emt 0:09:14]} Bh7 {[%emt 0:02:05]} 27. Reb1 {[%emt 0:00:52]} Nf8 {[%emt 0:05:40]} 28. N3h2 {[%emt 0:03:28]} g5 {[%emt 0:03:16]} 29. b4 {[%emt 0:03:36]} axb4 {[%emt 0:01:05]} 30. axb4 {[%emt 0:00:05]} Ng6 {[%emt 0:02:59]} 31. bxc5 {[%emt 0:01:35]} bxc5 {[%emt 0:00:12]} 32. Rb7 {[%emt 0:05:01]} Rxb7 {[%emt 0:02:02]} 33. Rxb7 {[%emt 0:00:05]} Qd8 {[%emt 0:03:01]} 34. Nf3 {[%emt 0:01:57]} Re7 {[%emt 0:06:57]} 35. Rb5 {[%emt 0:01:46]} Nd7 {[%emt 0:02:33]} 36. N1h2 {[%emt 0:04:09]} Nge5 {[%emt 0:00:41]} 37. Ne1 {[%emt 0:01:40]} Nf6 {[%emt 0:04:18]} 38. Nhf3 {[%emt 0:01:15]} Nxf3+ {[%emt 0:01:25]} 39. Nxf3 {[%emt 0:00:08]} Re2 {[%emt 0:00:54]} 40. Bf1 {[%emt 0:00:24]} Re6 {[%emt 0:00:31]} 41. Qa2 {[%emt 0:06:22]} Qc7 {[%emt 0:06:20]} 42. Ba5 {[%emt 0:05:01]} Qa7 {[%emt 0:01:47]} 43. Qb3 {[%emt 0:04:30]} Qa8 {[%emt 0:04:25]} 44. Bg2 {[%emt 0:00:47]} Qc8 {[%emt 0:00:55]} 45. Bb6 {[%emt 0:01:11]} 1/2-1/2

[Event "DFMMLV 2019"]
[Site "Braunfels"]
[Date "2019.06.21"]
[Round "3.23"]
[White "Pralle, Katharina"]
[Black "Freter, Anke"]
[Result "0-1"]
[WhiteElo "1971"]
[BlackElo "1856"]
[Annotator "NA"]
[PlyCount "72"]
[EventDate "2019.06.20"]
[EventType "team-tourn"]
[EventCountry "GER"]
[SourceTitle "playchess.com"]
[Source "ChessBase"]
[SourceQuality "1"]
[WhiteTeam "Hessen 1"]
[BlackTeam "Schleswig Holstein"]
[TimeControl "40/5400+30:1800+30"]

1. c4 {[%emt 0:00:00]} Nf6 {[%emt 0:00:00]} 2. Nc3 {[%emt 0:00:00]} g6 {[%emt 0:00:00]} 3. g3 {[%emt 0:00:00]} d5 {[%emt 0:00:56]} 4. cxd5 {[%emt 0:00:00]} Nxd5 {[%emt 0:00:24]} 5. Bg2 {[%emt 0:00:16]} c6 {[%emt 0:01:14]} 6. Nf3 {[%emt 0:02:32]} Bg7 {[%emt 0:00:48]} 7. O-O {[%emt 0:01:57]} O-O {[%emt 0:01:01]} 8. Re1 {[%emt 0:01:53]} e5 {[%emt 0:03:04]} 9. Nxd5 {[%emt 0:14:39]} cxd5 {[%emt 0:00:08]} 10. d3 {[%emt 0:00:36]} Nc6 {[%emt 0:02:02]} 11. Rb1 {[%emt 0:09:25]} h6 {[%emt 0:05:45]} 12. b3 {[%emt 0:02:30]} Be6 {[%emt 0:03:37]} 13. Bb2 {[%emt 0:01:32]} Qd7 {[%emt 0:01:46]} 14. d4 {[%emt 0:05:22]} f6 {[%emt 0:07:16]} 15. dxe5 {[%emt 0:05:43]} fxe5 {[%emt 0:00:25]} 16. Qd2 {[%emt 0:02:25]} Kh7 {[%emt 0:03:29]} 17. Rf1 {[%emt 0:08:09]} d4 {[%emt 0:12:18]} 18. Rbd1 {[%emt 0:12:19]} Rac8 {[%emt 0:06:17]} 19. Nh4 {[%emt 0:05:43]} Bf6 {[%emt 0:06:15]} 20. Bc1 {[%emt 0:02:32]} Qg7 {[%emt 0:01:08]} 21. f4 {[%emt 0:08:58]} exf4 {[%emt 0:02:56]} 22. Qxf4 {[%emt 0:01:09]} Ne7 {[%emt 0:08:19]} 23. Nf3 {[%emt 0:04:45]} Nd5 {[%emt 0:03:43]} 24. Qd6 {[%emt 0:02:30]} Rc6 {[%emt 0:00:29]} 25. Qa3 {[%emt 0:00:24]} Ra6 {[%emt 0:01:28]} 26. Qb2 {[%emt 0:00:36]} Nc3 {[%emt 0:01:45]} 27. a4 {[%emt 0:06:40]} Nxd1 {[%emt 0:03:26]} 28. Rxd1 {[%emt 0:00:03]} Rd8 {[%emt 0:01:05]} 29. Qa3 {[%emt 0:01:13]} Rb6 {[%emt 0:00:57]} 30. Nd2 {[%emt 0:00:11]} d3 {[%emt 0:03:08]} 31. a5 {[%emt 0:00:54]} Rb5 {[%emt 0:02:07]} 32. exd3 {[%emt 0:00:09]} Bd4+ {[%emt 0:02:16]} 33. Kh1 {[%emt 0:00:14]} Bc5 {[%emt 0:00:45]} 34. Qa4 {[%emt 0:00:26]} Rb4 {[%emt 0:01:44]} 35. Qa2 {[%emt 0:00:30]} Rxd3 {[%emt 0:01:02]} 36. Be4 {[%emt 0:00:24]} Rxe4 {[%emt 0:01:11]} 0-1

[Event "DFMMLV 2019"]
[Site "Braunfels"]
[Date "2019.06.21"]
[Round "3.24"]
[White "Braeutigam, Katerina"]
[Black "Heymann-Lobzhanidze, Anna-Luise"]
[Result "1-0"]
[WhiteElo "1697"]
[BlackElo "1950"]
[Annotator "NA"]
[PlyCount "81"]
[EventDate "2019.06.20"]
[EventType "team-tourn"]
[EventCountry "GER"]
[SourceTitle "playchess.com"]
[Source "ChessBase"]
[SourceQuality "1"]
[WhiteTeam "Schleswig Holstein"]
[BlackTeam "Hessen 1"]
[TimeControl "40/5400+30:1800+30"]

1. c4 {[%emt 0:00:00]} g6 {[%emt 0:00:00]} 2. g3 {[%emt 0:00:00]} Bg7 {[%emt 0:00:00]} 3. Bg2 {[%emt 0:00:01]} d6 {[%emt 0:00:00]} 4. Nc3 {[%emt 0:00:29]} Nf6 {[%emt 0:00:09]} 5. e3 {[%emt 0:00:24]} O-O {[%emt 0:00:25]} 6. Nge2 {[%emt 0:00:09]} c5 {[%emt 0:04:43]} 7. O-O {[%emt 0:00:30]} Nc6 {[%emt 0:00:09]} 8. d4 {[%emt 0:04:55]} Bd7 {[%emt 0:04:11]} 9. d5 {[%emt 0:04:14]} Na5 {[%emt 0:00:40]} 10. b3 {[%emt 0:01:25]} a6 {[%emt 0:01:05]} 11. Qd3 {[%emt 0:07:58]} Rb8 {[%emt 0:01:31]} 12. Rb1 {[%emt 0:04:40]} b5 {[%emt 0:03:53]} 13. Bd2 {[%emt 0:03:13]} b4 {[%emt 0:04:23]} 14. Nd1 {[%emt 0:03:06]} Qc8 {[%emt 0:00:41]} 15. e4 {[%emt 0:03:26]} Bh3 {[%emt 0:01:13]} 16. f4 {[%emt 0:06:13]} Nb7 {[%emt 0:02:32]} 17. Bxh3 {[%emt 0:21:49]} Qxh3 {[%emt 0:00:11]} 18. f5 {[%emt 0:02:51]} Ng4 {[%emt 0:09:46]} 19. Rf2 {[%emt 0:00:16]} Be5 {[%emt 0:08:30]} 20. Rg2 {[%emt 0:04:40]} gxf5 {[%emt 0:10:46]} 21. exf5 {[%emt 0:01:36]} f6 {[%emt 0:00:26]} 22. Qf3 {[%emt 0:07:46]} Nd8 {[%emt 0:04:10]} 23. Kh1 {[%emt 0:01:49]} Nh6 {[%emt 0:06:52]} 24. Ne3 {[%emt 0:03:40]} Nhf7 {[%emt 0:01:14]} 25. Ng4 {[%emt 0:01:59]} Bd4 {[%emt 0:09:01]} 26. Nf4 {[%emt 0:02:50]} Ne5 {[%emt 0:02:19]} 27. Nxe5 {[%emt 0:01:00]} Qxf5 {[%emt 0:00:06]} 28. Qg4+ {[%emt 0:01:35]} Qxg4 {[%emt 0:00:06]} 29. Nxg4 {[%emt 0:00:07]} Nf7 {[%emt 0:00:19]} 30. Ne6 {[%emt 0:01:46]} Rfc8 {[%emt 0:00:30]} 31. Nxd4 {[%emt 0:01:55]} cxd4 {[%emt 0:00:03]} 32. Nh6+ {[%emt 0:00:52]} Nxh6 {[%emt 0:00:50]} 33. Bxh6 {[%emt 0:00:15]} a5 {[%emt 0:01:19]} 34. Rd2 {[%emt 0:01:28]} a4 {[%emt 0:00:11]} 35. Rxd4 {[%emt 0:01:33]} axb3 {[%emt 0:00:13]} 36. axb3 {[%emt 0:00:39]} Ra8 {[%emt 0:00:08]} 37. Rg4+ {[%emt 0:00:31]} Kf7 {[%emt 0:01:28]} 38. Rg7+ {[%emt 0:00:14]} Ke8 {[%emt 0:00:04]} 39. Rxh7 {[%emt 0:00:43]} Kd7 {[%emt 0:00:00]} 40. Bd2 {[%emt 0:00:26]} Rcb8 {[%emt 0:00:08]} 41. Re1 {[%emt 0:30:38]} 1-0

[Event "DFMMLV 2019"]
[Site "Braunfels"]
[Date "2019.06.21"]
[Round "3.25"]
[White "Schmidt, Jessica"]
[Black "Tornay, Haizea"]
[Result "1-0"]
[WhiteElo "2240"]
[BlackElo "1598"]
[Annotator "NA"]
[PlyCount "89"]
[EventDate "2019.06.20"]
[EventType "team-tourn"]
[EventCountry "GER"]
[SourceTitle "playchess.com"]
[Source "ChessBase"]
[SourceQuality "1"]
[WhiteTeam "Baden"]
[BlackTeam "Hessen 2"]
[TimeControl "40/5400+30:1800+30"]

1. d4 {[%emt 0:00:00]} Nf6 {[%emt 0:00:00]} 2. c4 {[%emt 0:00:00]} g6 {[%emt 0:00:00]} 3. Nc3 {[%emt 0:00:00]} Bg7 {[%emt 0:00:00]} 4. Nf3 {[%emt 0:00:00]} O-O {[%emt 0:00:08]} 5. e4 {[%emt 0:01:07]} d6 {[%emt 0:00:08]} 6. Be2 {[%emt 0:00:06]} e5 {[%emt 0:01:39]} 7. O-O {[%emt 0:01:52]} exd4 {[%emt 0:02:21]} 8. Nxd4 {[%emt 0:00:08]} Nbd7 {[%emt 0:04:25]} 9. Be3 {[%emt 0:01:57]} Nc5 {[%emt 0:05:23]} 10. f3 {[%emt 0:06:53]} a5 {[%emt 0:02:33]} 11. Qd2 {[%emt 0:00:57]} Re8 {[%emt 0:01:00]} 12. Rad1 {[%emt 0:03:46]} Ne6 {[%emt 0:06:01]} 13. Rfe1 {[%emt 0:07:28]} Qe7 {[%emt 0:02:56]} 14. Bf1 {[%emt 0:02:59]} Bd7 {[%emt 0:09:08]} 15. Bf2 {[%emt 0:06:26]} Qf8 {[%emt 0:08:03]} 16. Ncb5 {[%emt 0:08:31]} Bxb5 {[%emt 0:06:27]} 17. Nxb5 {[%emt 0:01:44]} Nd7 {[%emt 0:00:55]} 18. Qc2 {[%emt 0:08:50]} Qe7 {[%emt 0:02:29]} 19. b3 {[%emt 0:07:07]} Qf6 {[%emt 0:13:16]} 20. a3 {[%emt 0:05:42]} Qb2 {[%emt 0:02:20]} 21. Qxb2 Bxb2 {[%emt 0:00:06]} 22. g3 {[%emt 0:03:00]} Re7 {[%emt 0:10:03]} 23. Kg2 {[%emt 0:03:13]} Ndc5 {[%emt 0:03:10]} 24. b4 {[%emt 0:00:46]} axb4 {[%emt 0:01:05]} 25. axb4 {[%emt 0:00:06]} Nd7 {[%emt 0:00:54]} 26. f4 {[%emt 0:03:15]} Ra4 {[%emt 0:02:46]} 27. f5 {[%emt 0:11:07]} Ng7 {[%emt 0:04:54]} 28. fxg6 {[%emt 0:01:56]} hxg6 {[%emt 0:00:33]} 29. Nxc7 {[%emt 0:00:16]} Nf6 {[%emt 0:06:27]} 30. Nd5 {[%emt 0:00:09]} Nxd5 {[%emt 0:00:28]} 31. exd5 {[%emt 0:04:44]} Rd7 {[%emt 0:02:27]} 32. b5 {[%emt 0:04:04]} Nf5 {[%emt 0:02:39]} 33. Re8+ {[%emt 0:02:45]} Kg7 {[%emt 0:00:01]} 34. b6 {[%emt 0:00:14]} Rb4 {[%emt 0:01:01]} 35. Rb1 {[%emt 0:02:26]} Bc3 {[%emt 0:01:07]} 36. Rxb4 {[%emt 0:00:38]} Bxb4 {[%emt 0:00:02]} 37. g4 {[%emt 0:00:13]} Ne7 {[%emt 0:00:56]} 38. Bd4+ {[%emt 0:03:40]} f6 {[%emt 0:00:01]} 39. h4 {[%emt 0:00:44]} Kf7 {[%emt 0:00:31]} 40. Rh8 {[%emt 0:00:12]} Kg7 {[%emt 0:00:14]} 41. Rb8 {[%emt 0:30:18]} Kh7 {[%emt 0:01:12]} 42. Bxf6 {[%emt 0:00:00]} Ng8 {[%emt 0:03:16]} 43. Bd4 {[%emt 0:00:00]} Ba3 {[%emt 0:01:28]} 44. h5 {[%emt 0:00:00]} gxh5 {[%emt 0:00:12]} 45. Bd3+ {[%emt 0:00:00]} 1-0